Hope Across Cultures : Lessons from the International Hope Barometer.

Bibliographic Details
Main Author: Krafft, Andreas M.
Other Authors: Guse, Tharina., Slezackova, Alena.
Format: eBook
Language:English
Published: Cham : Springer International Publishing AG, 2023.
Edition:1st ed.
Series:Cross-Cultural Advancements in Positive Psychology Series
Subjects:
Online Access:Click to View
LEADER 01681nam a22004093i 4500
001 EBC30552311
003 MiAaPQ
005 20231204023231.0
006 m o d |
007 cr cnu||||||||
008 231204s2023 xx o ||||0 eng d
020 |a 9783031244124  |q (electronic bk.) 
020 |z 9783031244117 
035 |a (MiAaPQ)EBC30552311 
035 |a (Au-PeEL)EBL30552311 
040 |a MiAaPQ  |b eng  |e rda  |e pn  |c MiAaPQ  |d MiAaPQ 
050 4 |a BF204.6 
082 0 |a 152.4 
100 1 |a Krafft, Andreas M. 
245 1 0 |a Hope Across Cultures :  |b Lessons from the International Hope Barometer. 
250 |a 1st ed. 
264 1 |a Cham :  |b Springer International Publishing AG,  |c 2023. 
264 4 |c Ã2023. 
300 |a 1 online resource (423 pages) 
336 |a text  |b txt  |2 rdacontent 
337 |a computer  |b c  |2 rdamedia 
338 |a online resource  |b cr  |2 rdacarrier 
490 1 |a Cross-Cultural Advancements in Positive Psychology Series ;  |v v.14 
588 |a Description based on publisher supplied metadata and other sources. 
590 |a Electronic reproduction. Ann Arbor, Michigan : ProQuest Ebook Central, 2023. Available via World Wide Web. Access may be limited to ProQuest Ebook Central affiliated libraries.  
655 4 |a Electronic books. 
700 1 |a Guse, Tharina. 
700 1 |a Slezackova, Alena. 
776 0 8 |i Print version:  |a Krafft, Andreas M.  |t Hope Across Cultures  |d Cham : Springer International Publishing AG,c2023  |z 9783031244117 
797 2 |a ProQuest (Firm) 
830 0 |a Cross-Cultural Advancements in Positive Psychology Series 
856 4 0 |u https://ebookcentral.proquest.com/lib/matrademy/detail.action?docID=30552311  |z Click to View